| 000 | 00736nam a2200217 a 4500 | ||
|---|---|---|---|
| 001 | BRCA_3478 | ||
| 005 | 20190320204312.0 | ||
| 008 | 160213s1996----mx-a######---#000-0#spa-# | ||
| 041 | _aspa | ||
| 044 | _amx | ||
| 050 | 4 |
_aZ997.2.M4 _b.R43 1 1996 |
|
| 245 | 1 | 0 | _aUn recorrido por archivos y bibliotecas privados. |
| 260 |
_aMéxico _bAsociación Mexicana de Archivos y Bibliotecas Privados, A.C. (AMABPAC) _c1996 |
||
| 300 |
_a193 p. _bil. _c28 cm. |
||
| 500 | _aIncluye Directorio de la AMABPAC | ||
| 650 | 1 | 4 |
_aArchivos _zMéxico _91302 |
| 650 | 1 | 4 |
_aBibliotecas privadas _zMéxico _91303 |
| 651 | 4 |
_aMéxico _vFuentes _xHistoria _9873 |
|
| 710 | 2 |
_aAsociación Mexicana de Archivos y Bibliotecas Privados, A.C. _91304 |
|
| 942 |
_2lcc _cB |
||
| 999 |
_c3214 _d3214 |
||